00261nam a2200085Ia 4500100001400000245006400014260006300078300000800141504002600149 aSah, D.C. 0aDynamics of fertiliser use in western tribal Madhya Pradesh bIndian Council of Social Science Research, New Delhic2006 a103 aincludes bibliography